Haga y repare usted mismo sus tapicerías y cortinajes / (Record no. 78345)

MARC details
000 -LEADER
campo de control de longitud fija 00699nam a2200205 i 4500
001 - NÚMERO DE CONTROL
campo de control 78345
003 - IDENTIFICADOR DE NÚMERO DE CONTROL
campo de control ES-MaACL
005 - FECHA Y HORA DE LA ÚLTIMA TRANSACCIÓN
campo de control 20230906173650.0
007 - CAMPO FIJO DE DESCRIPCIÓN FÍSICA--INFORMACIÓN GENERAL
campo de control de longitud fija t|
008 - DATOS DE LONGITUD FIJA--INFORMACIÓN GENERAL
campo de control de longitud fija 041013s1962 sp ||||1| spa d
245 00 - MENCIÓN DEL TÍTULO
Título Haga y repare usted mismo sus tapicerías y cortinajes /
Mención de responsabilidad, etc. obra realizada con la colaboración de Robert Cinqpeyres ; traducción de Gregorio Sanz García.
260 ## - PUBLICACIÓN, DISTRIBUCIÓN, ETC.
Lugar de publicación, distribución, etc. Madrid :
Nombre del editor, distribuidor, etc. Espasa-Calpe,
Fecha de publicación, distribución, etc. 1962.
300 ## - DESCRIPCIÓN FÍSICA
Extensión 64 p. :
Otras características físicas il. ;
Dimensiones 18 cm.
490 1# - MENCIÓN DE SERIE
Mención de serie Hágalo usted mismo
700 1# - ENTRADA AGREGADA--NOMBRE PERSONAL
Nombre de persona Cinqpeyres, Robert.
9 (RLIN) 38853
700 1# - ENTRADA AGREGADA--NOMBRE PERSONAL
Nombre de persona Sanz García, Gregorio.
9 (RLIN) 103642
830 0# - PUNTO DE ACCESO ADICIONAL DE SERIE-TÍTULO UNIFORME
Título uniforme Hágalo usted mismo
9 (RLIN) 231392
852 ## - LOCALIZACIÓN
Ubicación ES-MaACL
Número de control de estantería C-22107
Sublocalización o colección R.50699
Holdings
Estatus retirado Estado de pérdida Estado de daño No para préstamo Biblioteca de origen Biblioteca actual Ubicación en estantería Fecha de adquisición Fuente de adquisición Total de préstamos Signatura topográfica completa Código de barras Visto por última vez Precio de reemplazo Tipo de ítem Koha
        Biblioteca del Ateneo de Madrid Biblioteca del Ateneo de Madrid Galería 17/01/2008     C-22107 1081951 23/02/2023 23/02/2023 Libro impreso